000 00405nam a22001577a 4500
999 _c961
_d961
008 200102b ||||| |||| 00| 0 eng d
082 0 0 _a620.1
_bJ925
100 _9526
_aJudge, A. W.
245 1 0 _aEngineering materials: ferrous metals ( Vol - 1)
_cby A W Judge
250 _a2nd
260 _aLondon
_bSir ISaac Pitman
_c1945
300 _avii,369p.
365 _d22.08
650 0 _aMaterials
942 _cBK